000 00382nam a2200157Ia 4500
100 _aKishore/Lal K
650 _aIntegrated Circuits
942 _cBK
366 _f20
654 _aamplifiers
245 _aOperational Amplfiers and LInear Integrated circuits
260 _bPearson Education
_aMumbai
_c2008
082 _a621.3815/KIS
_bKIS
300 _a424
546 _aENGLISH
999 _c30269
_d30269